ბათუმის შოთა რუსთაველის სახელმწიფო უნივერსიტეტის ბიბლიოთეკა

ქედის მუნიციპალიტეტის სოფლების დასახელებათა გეოგრაფიული მნიშვნელობები / (ბიბ.ჩანაწერი № 64077)

000 -ლიდერი
ფიქსირებული სიგრძის საკონტროლო ველი 02574nam a22002777a 4500
003 - საკონტროლო ნომრის იდენტიფიკატორი
საკონტროლო ველი Ge_BSU
005 - ბოლო ოპერაციის თარიღი და დრო
საკონტროლო ველი 20260325101057.0
008 - ფიქსირებული სიგრძის მონაცემთა ელემენტები - ზოგადი ინფორმაცია
ფიქსირებული სიგრძის საკონტროლო ველი 260325s2024 ge ||||| |||| 00| 0 geo d
020 ## - წიგნის საერთაშორისო სტანდარტული ნომერი
International Standard Book Number 9789941346453
041 ## - ენის კოდი
Language code of text/sound track or separate title geo
080 ## - უნივერსალური ათობითი კლასიფიკაციის ინდექსი
Universal Decimal Classification number 811.353.1'373.211.1 ს-21
100 ## - მთავარი ჩანაწერი - პიროვნების სახელი
Personal name სამნიძე, დავით
9 (RLIN) 1405
245 ## - ცნობა სათაურის შესახებ
Title ქედის მუნიციპალიტეტის სოფლების დასახელებათა გეოგრაფიული მნიშვნელობები /
Statement of responsibility, etc დავით სამნიძე, ნინი ცინცაძე, მამუკა ცინცაძე ; რედ: გიორგი მახარაშვილი, ედუარდ გოგრაჭაძე
264 ## - წარმოების, გამოცემის, დისტრიბუციის და სხვა ცნობები
გამოცემის, წარმოების, დისტრიბუციის... ადგილი თბილისი :
გამოცემის, წარმოების, დისტრიბუციის... სახელწოდება მერიდიანი,
გამოცემის, წარმოების, დისტრიბუციის... თარიღი 2024.
300 ## - ფიზიკური აღწერა
Extent 62 გვ. ;
Other physical details 20 სმ.
440 ## - სერიის ცნობა / დამატებულია ჩანაწერი - სათაური
Title საგანმანათლებლო სერიია მოსწავლის ბიბლიოთეაკა №1
9 (RLIN) 27187
504 ## - BIBLIOGRAPHY, ETC. NOTE
Bibliography, etc ბიბლიოგრაფია: გვ. 58-59
653 ## - INDEX TERM--UNCONTROLLED
Uncontrolled term ქართული ტოპონიმიკა.
653 ## - INDEX TERM--UNCONTROLLED
Uncontrolled term ქედის მუნიციპალიტეტის სოფლების სახელწოდებათა შესახებ არსებული ცნობების მოკლე მიმოხილვა ; ქედის მუნიციპალიტეტში ამჟამად არსებული სოფლების სახელწოდებათა მნიშვნელობები ; სხვადასხვა წყაროებში ქედის მუნიციპალიტეტის ტერიტორიაზე სოფლებად მითითებული დასახელებების მნიშვნელობები.
700 ## - ADDED ENTRY--PERSONAL NAME
Personal name ცინცაძე, ნინი
9 (RLIN) 27188
700 ## - ADDED ENTRY--PERSONAL NAME
Personal name ცინცაძე, მამუკა
9 (RLIN) 27189
700 ## - ADDED ENTRY--PERSONAL NAME
Personal name მახარაშვილი, გიორგი
Relator term რედაქტორი
9 (RLIN) 5319
700 ## - ADDED ENTRY--PERSONAL NAME
Personal name გოგრაჭაძე,ედუარდ
Relator term რედაქტორი
9 (RLIN) 27190
711 ## - ADDED ENTRY--MEETING NAME
Meeting name or jurisdiction name as entry element ა(ა)იპ საქართველოს საპატრიარქოს წმ. გრიგოლ ხანძთელის სახ. სკოლა, გეოგრაფიის კლუბი "სამშობლო".
9 (RLIN) 27191
942 ## - ADDED ENTRY ELEMENTS (KOHA)
Source of classification or shelving scheme
Koha item type წიგნი
ეგზემპლარები
ჩამოწერის სტატუსი დაკარგული ეგზემპლარის სტატუსი კლასიფიკაციის წყარო ან თაროზე გაწყობის სქემა დაზიანების სტატუსი არ გაიცემა მუდმივი მდებარეობა (დაცვის ადგილი) ამჟამინდელი ადგილსამყოფელი თაროზე განთავსების ადგილი შეძენის თარიღი ღირებულება, შესყიდვის ნორმალური ფასი სრული შენახვის შიფრი შტრიხკოდი ბოლო ოპერაციის თარიღი ეგზემპლარის მიმდევრობითი ნომერი (კეტერი?) Uniform Resource Identifier ფასის ძალაში შესვლის თარიღი ეგზემპლარის სახეობა საჯარო შენიშვნა
          ბათუმის შოთა რუსთაველის სახელმწიფო უნივერსიტეტის მთავარი ბიბლიოთეკა ბათუმის შოთა რუსთაველის სახელმწიფო უნივერსიტეტის მთავარი ბიბლიოთეკა წიგნსაცავი 2026-03-25 8.00 811.353.1'373.211.1 ს-21 74101 2026-03-25 74101 ნაჩუქარი 2026-03-25 წიგნი 8.00